00669nam a2200157 a 450000100100000000500170001000800410002704000250006811101230009324500870021626000280030330000200033170000380035195201050038999900170049400004096020260305073956.0130912s1997 dr ac 000 0 spa d aDO-SdBNPbspacBNPHU1 aCumbre extraordinaria de Jefes de Estado y de gobierno República Dominicanad(1997: 5-7 nov.cSanto Domingo )96739210aGobernabilidad democrática :blos desafíos del presente /cLeonel Fernández. aSanto Domingo :,c1997. a10 p. ;c26 cm.1 aFernández, Leonel,d1953-97291 0010718PDaPDbPDcCTd2013-09-12iLF1l0o p40960-10r2020-06-25w2020-06-25yLFPDZNo se presta c40450d40450